Thực hành kỹ thuật đo cơ khí

Sách cung cấp nội dung về cấu tạo, cách sử dụng các loại dụng cụ đo cầm tay cơ bản trong cơ khí, các sơ đồ gá đo sai lệch vị trí tương quan các bề mặt thông qua thực hành đo trên các loại chi tiết cơ khí...

Descripció completa

Guardat en:
Dades bibliogràfiques
Autor principal: Lưu Đức Bình (Chủ biên)
Altres autors: Phạm Nguyễn Quốc Huy
Format: Llibre
Idioma:Vietnamese
Publicat: H. Xây dựng 2017
Matèries:
Etiquetes: Afegir etiqueta
Sense etiquetes, Sigues el primer a etiquetar aquest registre!
Thư viện lưu trữ: Thư viện Trường Đại học Nam Cần Thơ
LEADER 01811nam a22002537a 4500
001 NCT_48952
008 180908b xxu||||| |||| 00| 0 vie d
999 |c 2342  |d 2342 
020 |a 9786048222697  |c 63000 
082 0 4 |2 23rd ed.  |a 621.80287  |b B312 
100 1 |a Lưu Đức Bình  |e Chủ biên 
245 1 0 |a Thực hành kỹ thuật đo cơ khí  |c Lưu Đức Bình (chủ biên); Phạm Nguyễn Quốc Huy 
260 |a H.  |b Xây dựng  |c 2017 
300 |a 111 tr.  |b hình vẽ, bảng  |c 24cm 
520 3 |a Sách cung cấp nội dung về cấu tạo, cách sử dụng các loại dụng cụ đo cầm tay cơ bản trong cơ khí, các sơ đồ gá đo sai lệch vị trí tương quan các bề mặt thông qua thực hành đo trên các loại chi tiết cơ khí 
653 |a Công nghệ kỹ thuật ô tô 
700 1 |a Phạm Nguyễn Quốc Huy 
942 |2 ddc  |c BK 
952 |0 0  |1 0  |2 ddc  |4 0  |6 621_802870000000000_B312  |7 0  |9 13539  |a 000001  |b 000001  |d 2018-09-08  |o 621.80287 B312  |p MD.13230  |r 2018-09-08  |v 63000.00  |w 2018-09-08  |y BK 
952 |0 0  |1 0  |2 ddc  |4 0  |6 621_802870000000000_B312  |7 0  |9 13540  |a 000001  |b 000001  |d 2018-09-08  |o 621.80287 B312  |p MD.13231  |r 2018-09-08  |v 63000.00  |w 2018-09-08  |y BK 
952 |0 0  |1 0  |2 ddc  |4 0  |6 621_802870000000000_B312  |7 0  |9 13541  |a 000001  |b 000001  |d 2018-09-08  |o 621.80287 B312  |p MD.13232  |r 2018-09-08  |v 63000.00  |w 2018-09-08  |y BK 
952 |0 0  |1 0  |2 ddc  |4 0  |6 621_802870000000000_B312  |7 0  |9 13542  |a 000001  |b 000001  |d 2018-09-08  |l 1  |o 621.80287 B312  |p MD.13233  |r 2019-09-20  |s 2019-09-09  |v 63000.00  |w 2018-09-08  |y BK 
952 |0 0  |1 0  |2 ddc  |4 0  |6 621_802870000000000_B312  |7 0  |9 13543  |a 000001  |b 000001  |d 2018-09-08  |o 621.80287 B312  |p MD.13234  |r 2018-09-08  |v 63000.00  |w 2018-09-08  |y BK 
980 |a Thư viện Trường Đại học Nam Cần Thơ